000 00560nmm a2200181Ia 4500
008 251105s9999||||xx |||||||||||||||||und||
020 _a9789587715057
041 _aspa
100 _aOchoa Díaz, Héctor
245 0 _aMacroeconomía para la gerencia latinoamericana
264 _a[Bogotá, Colombia] :
_bEcoe Ediciones,
_c2014
300 _a212 páginas
650 _aEconomics and Business
700 _aOchoa Díaz, Héctor
700 1 _a González Espitia, Carlos Giovanni
856 _uhttps://public.digitaliapublishing.com/a/66631
942 _cCF
999 _c69463
_d69463